000 00883nam a22002057a 4500
008 131021t mx||||| |||| 00| 0 spa d
020 _a9707050748
050 0 4 _aLC1035.8.M49
_bE88 2007
245 0 0 _aEstudios sobre la educación básica y la educación especial en México/
_ccoord. Silvia Romero Contreras, ...[et al]
246 _aEstudios sobre educación básica y la educación especial en México
250 _a1a ed.
260 _aSan Luis Potosí, México :
_bUniversidad Autonoma de San Luis Potosí,
_c2007
300 _a145 p. :
_bil. ;
_c22 cm.
504 _aIncluye bibliografía e índice
505 _aEn portada: Estudios sobre educación básica y educación especial en México
650 4 _aEducación Básica
_xEducación Especial
_zMéxico
650 4 _aEducación y Estado
700 1 _aRomero Contreras, Silvia,
_ecoord.
942 _2lcc
_cLIB
999 _c43534
_d43534